000 00470nam a2200193Ia 4500
005 20250425161551.0
008 250425s9999 xx 000 0 und d
041 _aeng
082 _a001.6424
100 _aLITTLE, JOYCE CURRIE
245 0 _aRPG: REPORT PROGRAM GENERATOR
250 _aS.E.
260 _aEstados Unidos
_bPRENTICE HALL
_c1971
260 _aS.L.
300 _a438
650 _aRPG (LENGUAJES DE PROGRAMACION)
942 _c01
010 _a23180
999 _c211755
_d211755